Statistics for Twin Peaks - who said it?

Click here to take the quiz!

General Stats

  • This quiz has been taken 157 times
  • The average score is 7 of 10

Answer Stats

QuestionAnswer% Correct
“There was a fish in the percolator!”Pete Martell
96%
“Everyday, once a day, give yourself a present”Agent Dale Cooper
95%
“You remind me today of a small Mexican chihuahua”Gordon Cole
92%
“As your attorney, your friend, and your brother, I strongly suggest that you get yourself a better lawyer”Jerry Horne
92%
“Where there’s a key, there’s a lock”Catherine Martell
55%
“After the square dance, maybe we can all take a hayride.“Albert Rosenfield
54%
“You may be fearless in this world, but there are other worlds”Hawk
50%
“Sometimes the urge to do bad is nearly overpowering”Ben Horne
48%
“He had lots of coats and keeps himself and his car in great shape”Lucy Moran
48%
“Hiding from your fear doesn’t make the fear go away”Annie Blackburn
37%

Score Distribution

Percentile by Number Answered

Percent of People with Each Score

Your Score History

You have not taken this quiz